Malý synonymický slovník
Enregistré dans:
| Auteur principal: | |
|---|---|
| Autres auteurs: | |
| Format: | Livre |
| Langue: | slovaque |
| Publié: |
Bratislava
Slov. ped. nakl.
1987
|
| Édition: | 4. vyd. |
| Tags: |
Pas de tags, Soyez le premier à ajouter un tag!
|
MARC
| LEADER | 00000nam a2200000 4500 | ||
|---|---|---|---|
| 001 | c038272 | ||
| 005 | 20221219094658.1 | ||
| 041 | 0 | |a slo | |
| 044 | |a SK | ||
| 245 | 1 | 0 | |a Malý synonymický slovník |c Mária Pisárčiková, Štefan Michalus |
| 250 | |a 4. vyd. | ||
| 264 | 1 | |a Bratislava |b Slov. ped. nakl. |c 1987 | |
| 300 | |a 214 s. | ||
| 100 | 1 | |a Pisárčiková, Mária | |
| 700 | 1 | |a Michalus, Štefan | |